大阪市24区 - Statistics

General Stats
  • This quiz has been taken 167 times
  • The average score is 17 of 24
Answer Stats
Answer % Correct
西
97%
94%
淀川
88%
中央
87%
東淀川
85%
天王寺
83%
西成
83%
西淀川
78%
此花
77%
東成
76%
阿倍野
74%
71%
大正
69%
住吉
69%
浪速
68%
鶴見
65%
住之江
65%
平野
65%
福島
63%
都島
60%
東住吉
60%
城東
57%
生野
56%
48%
No matching quizzes found
Score Distribution
Percent of People with Each Score
Percentile by Number Answered
Your Score History
You have not taken this quiz